2902-明石市(兵庫県)の駅 - Statistics

General Stats
  • This quiz has been taken 41 times
  • The average score is 13 of 17
Answer Stats
Answer % Correct
明石
100%
西明石
100%
朝霧
89%
山陽明石
89%
大久保
86%
人丸前
86%
魚住
77%
東二見
74%
西二見
74%
林崎松江海岸
71%
江井ヶ島
69%
中八木
66%
西江井ヶ島
66%
西新町
63%
藤江
63%
山陽魚住
63%
大蔵谷
60%
No matching quizzes found
Score Distribution
Percent of People with Each Score
Percentile by Number Answered
Your Score History
You have not taken this quiz